Caprichos de Alenza (Record no. 47415)

MARC details
000 -LEADER
campo de control de longitud fija 00821nkm a2200241 i 4500
001 - NÚMERO DE CONTROL
campo de control 47415
003 - IDENTIFICADOR DE NÚMERO DE CONTROL
campo de control ES-MaACL
005 - FECHA Y HORA DE LA ÚLTIMA TRANSACCIÓN
campo de control 20250818063038.0
007 - CAMPO FIJO DE DESCRIPCIÓN FÍSICA--INFORMACIÓN GENERAL
campo de control de longitud fija k
008 - DATOS DE LONGITUD FIJA--INFORMACIÓN GENERAL
campo de control de longitud fija 030424q1877 sp --- |00 ||spa d
040 ## - FUENTE DE CATALOGACIÓN
Centro/agencia transcriptor ES-MaACL
100 1# - ENTRADA PRINCIPAL--NOMBRE DE PERSONA
Nombre de persona Rosell y Torres, Isidoro,
Fechas asociadas al nombre 1845-1879
Término indicativo de función/relación Grabador
9 (RLIN) 151991
245 10 - MENCIÓN DEL TÍTULO
Título Caprichos de Alenza
Medio [Material gráfico] /
Mención de responsabilidad, etc. [grabados por Isidoro Rosell y Torres].
260 ## - PUBLICACIÓN, DISTRIBUCIÓN, ETC.
Lugar de publicación, distribución, etc. [Madrid :
Nombre del editor, distribuidor, etc. s.n.,
Fecha de publicación, distribución, etc. 1877]
300 ## - DESCRIPCIÓN FÍSICA
Extensión 1 volumen (18 estampas.) :
Otras características físicas aguafuerte y aguatinta ;
Dimensiones 46 cm.
594 ## - Nota al título y mención de responsabilidad
Nota al título y mención de responsabilidad Grabados basados en dibujos de Leonardo Alenza.
650 #4 - PUNTO DE ACCESO ADICIONAL DE MATERIA--TÉRMINO DE MATERIA
Término de materia o nombre geográfico como elemento de entrada Aguafuerte-
Subdivisión geográfica España-
Subdivisión cronológica S.XIX.
9 (RLIN) 160388
700 1# - ENTRADA AGREGADA--NOMBRE PERSONAL
Nombre de persona Alenza, Leonardo.
9 (RLIN) 19744
Término indicativo de función/relación Autor
852 ## - LOCALIZACIÓN
Ubicación ES-MaACL
Ubicación en estantería Depósito
Número de control de estantería Armario 17
942 ## - ELEMENTOS DE ENTRADA SECUNDARIOS (KOHA)
Fuente del sistema de clasificación o colocación Clasificación decimal universal
Tipo de ítem Koha Grabado
Suprimir en OPAC No
Holdings
Estatus retirado Estado de pérdida Fuente del sistema de clasificación o colocación Estado de daño No para préstamo Biblioteca de origen Biblioteca actual Ubicación en estantería Fecha de adquisición Total de préstamos Signatura topográfica completa Código de barras Visto por última vez Precio de reemplazo Tipo de ítem Koha
    Clasificación decimal universal     Biblioteca del Ateneo de Madrid Biblioteca del Ateneo de Madrid Depósito 17/01/2008   Armario 17 1049884 23/02/2023 23/02/2023 Grabado